It's All About 'ME' Quiz Stats

 Plays Quiz Updated Feb 15, 2012

Also try: Po' Li'l Quiz
Challenge
Share
Tweet
Embed
Score 0/61 Timer 07:00
1 Play Today
Clue Word % Correct
M E _ _ _ _ _Mercury
93.3%
M E _ _ _ _ _Mermaid
93.2%
M E _ _ _ _ _Measles
91.4%
_ M E _ _ _ _America
87.1%
M E _ _ _ _ _Measure
85.2%
M E _ _ _ _ _Memphis
84.7%
M E _ _ _ _ _Meeting
84.2%
M E _ _ _ _ _Mexican
81.2%
_ M E _ _ _ _Emerald
81%
_ M E _ _ _ _Smelled
73.3%
_ _ M E _ _ _Numeral
72.8%
M E _ _ _ _ _Messiah
71.7%
M E _ _ _ _ _Methane
71.5%
_ _ M E _ _ _Someday
67.8%
_ _ _ _ _ M EPerfume
67.3%
_ _ _ _ _ M EWelcome
65%
_ _ _ _ _ M ECostume
64.4%
_ M E _ _ _ _Emerson
63.6%
_ _ _ _ M E _Drummer
63.1%
_ _ _ _ M E _Unarmed
62.1%
_ _ _ _ M E _Spammer
61.1%
_ _ _ _ _ M EConsume
60.6%
_ _ M E _ _ _Camelot
59.5%
_ _ _ _ _ M ESurname
54.7%
_ M E _ _ _ _Amended
49.1%
_ _ _ M E _ _Payment
46.4%
_ _ _ M E _ _Comment
45.7%
_ _ M E _ _ _Humerus
44.6%
_ _ _ M E _ _Segment
43.2%
_ _ _ _ M E _Stammer
40.4%
_ _ _ M E _ _Element
39.8%
Clue Word % Correct
_ _ _ M E _ _Clemens
39.4%
M E _ _ _ _ _Meerkat
38.2%
_ M E _ _ _ _Smeared
37.7%
_ M E _ _ _ _Sméagol
35.5%
_ _ _ M E _ _Siamese
34.9%
_ _ _ _ _ M EPastime
34.3%
_ _ _ M E _ _Burmese
33.6%
_ _ M E _ _ _Armenia
32.3%
_ _ _ _ M E _Plummet
32.1%
_ _ _ _ M E _Abdomen
32.1%
_ _ _ M E _ _Garment
30.7%
_ _ _ _ M E _Charmed
28.5%
_ _ M E _ _ _Immerse
28.4%
_ _ _ _ _ M EWartime
26.9%
_ _ _ M E _ _Pigment
25.3%
_ _ _ _ M E _Albumen
24.4%
_ _ _ _ _ M EOutcome
24.4%
_ _ M E _ _ _Demeter
24%
_ _ _ _ M E _Schemes
23.6%
_ _ _ _ _ M ECentime
22.7%
_ M E _ _ _ _Amenity
22.4%
_ _ _ _ _ M EEndgame
22%
_ _ _ _ M E _Gourmet
21.4%
_ _ _ M E _ _Torment
19.1%
_ _ M E _ _ _Rameses
16.3%
_ _ M E _ _ _Jiménez
15%
_ _ _ M E _ _Hammett
11.4%
_ _ _ _ _ M EGrahame
11%
_ _ M E _ _ _Nemesis
5.9%
_ _ _ _ M E _Bitumen
5.6%

You're not logged in!

Compare scores with friends on all Sporcle quizzes.
OR
Log In

You Might Also Like...

Show Comments

Extras

Top Quizzes Today


Score Distribution

Your Account Isn't Verified!

In order to create a playlist on Sporcle, you need to verify the email address you used during registration. Go to your Sporcle Settings to finish the process.

Report this User

Report this user for behavior that violates our Community Guidelines.

Details: